000 00552nam a22001697a 4500
005 20251108165923.0
008 250721s1978 xx 000 0 ara d
082 1 4 _aط/922.1/سعد
245 1 0 _aسعد بن أبي وقاص /
264 1 _aطرابلس (لبنان) :
_bدار الشمال للطباعة و النشر و التوزيع،
_c1978.
300 _a48ص : مصور بالألوان
490 0 _aسلسلة أبطال الإسلام ؛ 4
650 1 7 _aالإسلام
650 1 7 _aالتراجم
942 _2ddc
_cBK
999 _c34858
_d34858